| 000 | 01571nam0a22003011 4500 | ||
|---|---|---|---|
| 001 | rc\4127813 | ||
| 005 | 20260407202820.0 | ||
| 021 |
_aRU _b[49-34802] |
||
| 035 | _a(NLR Aleph) 007983964 | ||
| 090 |
_a8536922 _c8536922 |
||
| 100 | _a20130415d1949 |||y0rusy50 ca | ||
| 101 | 0 | _arus | |
| 102 | _aRU | ||
| 105 | _ay z ||||| | ||
| 200 | 1 |
_aПрограмма по политической экономии _eДля техн., с.-х., пед., мед., искусствовед. высш. учеб. заведений и гос. ун-тов _e[Утв. 4/VIII 1949 г.] _fМ-во высш. образования СССР. Отд. преподавания обществ. наук |
|
| 210 |
_aСвердловск _c[изд-во и тип. Уральского политехн. ин-та им. С.М. Кирова] _d1949 |
||
| 215 |
_a36 с. _d20 |
||
| 300 | _aВ вып. дан. сост.: чл.-кор. АН СССР Островитянов К.В., доц. Сомов В.И. и Спиридонова Н.С. | ||
| 702 | 1 |
_aСомов _bВ.И. _gВасилий Иосифович _4220 |
|
| 702 | 1 |
_aСпиридонова _bН.С. _4220 |
|
| 702 | 1 |
_aОстровитянов _bК.В. _gКонстантин Васильевич _4220 |
|
| 712 | 0 | 1 |
_aСССР _bМинистерство высшего образования _bОтдел преподавания общественных наук _3RU\NLR\AUTH\8810134407 _9764822 |
| 801 | 0 |
_aRU _bNLR _gpsbo |
|
| 801 | 1 |
_aRU _bELAR _2rusmarc |
|
| 852 |
_aNLR _jС705/П-78 |
||
| 942 | _cBOOK | ||
| 980 | _aNB | ||